000 01269nam a2200373 a 4500
001 22009
003 FlNmELB
005 20241216213954.0
006 m o d |
007 cr cn|||||||||
008 201005r2005 ag |||||s|||||||||||spa d
020 _z9789875910249
035 _a(MiAaPQ)EBC3188813
035 _a(Au-PeEL)EBL3188813
035 _a(CaPaEBR)ebr10384553
035 _a(OCoLC)928972999
040 _aFlNmELB
_bspa
_cFlNmELB
050 4 _aQ175
_bO128 2005
080 _a001:1
082 0 4 _a501
_222
245 0 4 _aLos objetos de la ciencia
_h[recurso electronico] :
_bel mundo que la ciencia construye /
_cEkai Txapartegi ...[et.al.]. ; compilado por Ekai Txapartegi.
260 _aCórdoba :
_bEditorial Brujas,
_c2005.
300 _a281 p.
440 0 _aCultura y conocimiento
533 _aRecurso electrónico. Santa Fe, Arg.: e-libro, 2015. Disponible vía World Wide Web. El acceso puede estar limitado para las bibliotecas afiliadas a e-libro.
650 4 _aCiencia.
650 4 _aFilosofía.
650 4 _aScience
_xPhilosophy.
653 _aFilosofia
655 4 _aLibros electrónicos.
700 1 _aTxapartegi, Ekai.
710 2 _ae-libro, Corp.
856 4 0 _uhttps://elibro.net/ereader/politecnicointernacional/77972
999 _c22009
_d22009